Simulácia radiačnej situácie v oblasti Mochovce v prípade ťažkej havárie
Saved in:
| Main Author: | |
|---|---|
| Other Authors: | |
| Format: | Manuscript Book |
| Language: | Slovak |
| Published: |
Bratislava :
STU v Bratislave FEI,
2025
|
| Subjects: | |
| Online Access: | https://opac.crzp.sk/?fn=detailBiblioFormChildQ12L9F5&sid=BA75C2D62745AD5726EF919ED92F&seo=CRZP-detail-kniha |
| Tags: |
No Tags, Be the first to tag this record!
|
MARC
| LEADER | 00000ntm a22000003a 4500 | ||
|---|---|---|---|
| 001 | stuzp103490 | ||
| 003 | SK-STU | ||
| 005 | 20260203123436.4 | ||
| 007 | ta | ||
| 008 | 150427s2015----xo-----f-mn---000-0-slo-d | ||
| 040 | |a STU |b slo | ||
| 041 | 0 | |a slo | |
| 044 | |a xo | ||
| 100 | 1 | |a Kovácsová, Brigita |u 036000 |4 aut |U FEI Fakulta elektrotechniky a informatiky |T FEI Ústav jadrového a fyzikálneho inžinierstva |X 120710 |U E060 |Y 817 |7 120710 | |
| 242 | 0 | 1 | |a Simulation of the radiation situation in the area of Mochovce after an severe accident |y eng |
| 245 | 1 | 0 | |a Simulácia radiačnej situácie v oblasti Mochovce v prípade ťažkej havárie |
| 260 | |a Bratislava : |b STU v Bratislave FEI, |c 2025 | ||
| 300 | |a 65 s. | ||
| 650 | 4 | |a ESTE |2 slo | |
| 650 | 4 | |a Simulácia |2 slo | |
| 650 | 4 | |a Mochovce |2 slo | |
| 650 | 4 | |a Havarijné plánovanie |2 slo | |
| 650 | 4 | |a Ochrana obyvateľstva |2 slo | |
| 650 | 4 | |a Rádioaktívne látky |2 slo | |
| 650 | 4 | |a Šírenie kontaminácie |2 slo | |
| 650 | 4 | |a Jadrová havária |2 slo | |
| 650 | 4 | |a Meteorologické podmienky |2 slo | |
| 650 | 4 | |a Meteorological conditions |2 eng | |
| 650 | 4 | |a Radioactive substances |2 eng | |
| 650 | 4 | |a Nuclear accident |2 eng | |
| 650 | 4 | |a Emergency planning |2 eng | |
| 650 | 4 | |a Population protection |2 eng | |
| 650 | 4 | |a Simulation |2 eng | |
| 650 | 4 | |a ESTE |2 eng | |
| 650 | 4 | |a Mochovce |2 eng | |
| 650 | 4 | |a Contamination spread |2 eng | |
| 700 | 1 | |a Šimeg Veterníková, Jana |u 036000 |k Z2 |4 ths |U FEI Fakulta elektrotechniky a informatiky |T FEI Ústav jadrového a fyzikálneho inžinierstva |X 11556 |U E060 |Y 817 |7 A000011556 | |
| 856 | 4 | |u https://opac.crzp.sk/?fn=detailBiblioFormChildQ12L9F5&sid=BA75C2D62745AD5726EF919ED92F&seo=CRZP-detail-kniha | |